<?xml version="1.0" encoding="UTF-8"?>
<record
    xmlns:xsi="http://www.w3.org/2001/XMLSchema-instance"
    xsi:schemaLocation="http://www.loc.gov/MARC21/slim http://www.loc.gov/standards/marcxml/schema/MARC21slim.xsd"
    xmlns="http://www.loc.gov/MARC21/slim">

  <leader>00434nam a2200169Ia 4500</leader>
  <controlfield tag="008">230524s9999    xx            000 0 und d</controlfield>
  <datafield tag="020" ind1=" " ind2=" ">
    <subfield code="a">9780070087989</subfield>
  </datafield>
  <datafield tag="082" ind1=" " ind2=" ">
    <subfield code="a">670</subfield>
    <subfield code="b">RAO</subfield>
  </datafield>
  <datafield tag="100" ind1=" " ind2=" ">
    <subfield code="a">P N Rao</subfield>
  </datafield>
  <datafield tag="245" ind1=" " ind2="0">
    <subfield code="a">Manufacturing Technology Volume-2 (Metal cutting and Machine Tools)</subfield>
  </datafield>
  <datafield tag="250" ind1=" " ind2=" ">
    <subfield code="a">2</subfield>
  </datafield>
  <datafield tag="260" ind1=" " ind2=" ">
    <subfield code="a">New Delhi</subfield>
    <subfield code="b">MGH</subfield>
    <subfield code="c">2012</subfield>
  </datafield>
  <datafield tag="300" ind1=" " ind2=" ">
    <subfield code="a">"x,489p;"</subfield>
  </datafield>
  <datafield tag="500" ind1=" " ind2=" ">
    <subfield code="a">Quantity Number:  85</subfield>
  </datafield>
  <datafield tag="650" ind1=" " ind2=" ">
    <subfield code="a">Mechanics</subfield>
  </datafield>
  <datafield tag="942" ind1=" " ind2=" ">
    <subfield code="c">BK</subfield>
  </datafield>
  <datafield tag="952" ind1=" " ind2=" ">
    <subfield code="0">0</subfield>
    <subfield code="1">0</subfield>
    <subfield code="4">0</subfield>
    <subfield code="7">0</subfield>
    <subfield code="a">TATCL</subfield>
    <subfield code="b">TATCL</subfield>
    <subfield code="c">GEN</subfield>
    <subfield code="d">2023-05-24</subfield>
    <subfield code="l">0</subfield>
    <subfield code="o">670 RAO</subfield>
    <subfield code="p">46483</subfield>
    <subfield code="r">2023-05-24</subfield>
    <subfield code="t">2</subfield>
    <subfield code="w">2023-05-24</subfield>
    <subfield code="y">BK</subfield>
  </datafield>
  <datafield tag="952" ind1=" " ind2=" ">
    <subfield code="0">0</subfield>
    <subfield code="1">0</subfield>
    <subfield code="4">0</subfield>
    <subfield code="7">0</subfield>
    <subfield code="a">TATCL</subfield>
    <subfield code="b">TATCL</subfield>
    <subfield code="c">GEN</subfield>
    <subfield code="d">2023-05-24</subfield>
    <subfield code="l">0</subfield>
    <subfield code="o">670 RAO</subfield>
    <subfield code="p">46484</subfield>
    <subfield code="r">2023-05-24</subfield>
    <subfield code="t">2</subfield>
    <subfield code="w">2023-05-24</subfield>
    <subfield code="y">BK</subfield>
  </datafield>
  <datafield tag="952" ind1=" " ind2=" ">
    <subfield code="0">0</subfield>
    <subfield code="1">0</subfield>
    <subfield code="4">0</subfield>
    <subfield code="7">0</subfield>
    <subfield code="a">TATCL</subfield>
    <subfield code="b">TATCL</subfield>
    <subfield code="c">GEN</subfield>
    <subfield code="d">2023-05-24</subfield>
    <subfield code="l">0</subfield>
    <subfield code="o">670 RAO</subfield>
    <subfield code="p">46485</subfield>
    <subfield code="r">2023-05-24</subfield>
    <subfield code="t">2</subfield>
    <subfield code="w">2023-05-24</subfield>
    <subfield code="y">BK</subfield>
  </datafield>
  <datafield tag="952" ind1=" " ind2=" ">
    <subfield code="0">0</subfield>
    <subfield code="1">0</subfield>
    <subfield code="4">0</subfield>
    <subfield code="7">0</subfield>
    <subfield code="a">TATCL</subfield>
    <subfield code="b">TATCL</subfield>
    <subfield code="c">GEN</subfield>
    <subfield code="d">2023-05-24</subfield>
    <subfield code="l">1</subfield>
    <subfield code="o">670 RAO</subfield>
    <subfield code="p">46486</subfield>
    <subfield code="q">2014-10-17</subfield>
    <subfield code="r">2024-01-25</subfield>
    <subfield code="s">2024-01-25</subfield>
    <subfield code="t">2</subfield>
    <subfield code="w">2023-05-24</subfield>
    <subfield code="y">BK</subfield>
  </datafield>
  <datafield tag="952" ind1=" " ind2=" ">
    <subfield code="0">0</subfield>
    <subfield code="1">0</subfield>
    <subfield code="4">0</subfield>
    <subfield code="7">0</subfield>
    <subfield code="a">TATCL</subfield>
    <subfield code="b">TATCL</subfield>
    <subfield code="c">GEN</subfield>
    <subfield code="d">2023-05-24</subfield>
    <subfield code="l">0</subfield>
    <subfield code="o">670 RAO</subfield>
    <subfield code="p">46487</subfield>
    <subfield code="r">2023-05-24</subfield>
    <subfield code="t">2</subfield>
    <subfield code="w">2023-05-24</subfield>
    <subfield code="y">BK</subfield>
  </datafield>
  <datafield tag="952" ind1=" " ind2=" ">
    <subfield code="0">0</subfield>
    <subfield code="1">0</subfield>
    <subfield code="4">0</subfield>
    <subfield code="7">0</subfield>
    <subfield code="a">TATCL</subfield>
    <subfield code="b">TATCL</subfield>
    <subfield code="c">GEN</subfield>
    <subfield code="d">2023-05-24</subfield>
    <subfield code="l">0</subfield>
    <subfield code="o">670 RAO</subfield>
    <subfield code="p">46488</subfield>
    <subfield code="r">2023-05-24</subfield>
    <subfield code="t">2</subfield>
    <subfield code="w">2023-05-24</subfield>
    <subfield code="y">BK</subfield>
  </datafield>
  <datafield tag="952" ind1=" " ind2=" ">
    <subfield code="0">0</subfield>
    <subfield code="1">0</subfield>
    <subfield code="4">0</subfield>
    <subfield code="7">0</subfield>
    <subfield code="a">TATCL</subfield>
    <subfield code="b">TATCL</subfield>
    <subfield code="c">GEN</subfield>
    <subfield code="d">2023-05-24</subfield>
    <subfield code="l">0</subfield>
    <subfield code="o">670 RAO</subfield>
    <subfield code="p">46489</subfield>
    <subfield code="r">2023-05-24</subfield>
    <subfield code="t">2</subfield>
    <subfield code="w">2023-05-24</subfield>
    <subfield code="y">BK</subfield>
  </datafield>
  <datafield tag="952" ind1=" " ind2=" ">
    <subfield code="0">0</subfield>
    <subfield code="1">0</subfield>
    <subfield code="4">0</subfield>
    <subfield code="7">0</subfield>
    <subfield code="a">TATCL</subfield>
    <subfield code="b">TATCL</subfield>
    <subfield code="c">GEN</subfield>
    <subfield code="d">2023-05-24</subfield>
    <subfield code="l">0</subfield>
    <subfield code="o">670 RAO</subfield>
    <subfield code="p">46490</subfield>
    <subfield code="r">2023-05-24</subfield>
    <subfield code="t">2</subfield>
    <subfield code="w">2023-05-24</subfield>
    <subfield code="y">BK</subfield>
  </datafield>
  <datafield tag="952" ind1=" " ind2=" ">
    <subfield code="0">0</subfield>
    <subfield code="1">0</subfield>
    <subfield code="4">0</subfield>
    <subfield code="7">0</subfield>
    <subfield code="a">TATCL</subfield>
    <subfield code="b">TATCL</subfield>
    <subfield code="c">GEN</subfield>
    <subfield code="d">2023-05-24</subfield>
    <subfield code="l">0</subfield>
    <subfield code="o">670 RAO</subfield>
    <subfield code="p">46491</subfield>
    <subfield code="r">2023-05-24</subfield>
    <subfield code="t">2</subfield>
    <subfield code="w">2023-05-24</subfield>
    <subfield code="y">BK</subfield>
  </datafield>
  <datafield tag="952" ind1=" " ind2=" ">
    <subfield code="0">0</subfield>
    <subfield code="1">0</subfield>
    <subfield code="4">0</subfield>
    <subfield code="7">0</subfield>
    <subfield code="a">TATCL</subfield>
    <subfield code="b">TATCL</subfield>
    <subfield code="c">GEN</subfield>
    <subfield code="d">2023-05-24</subfield>
    <subfield code="l">0</subfield>
    <subfield code="o">670 RAO</subfield>
    <subfield code="p">46492</subfield>
    <subfield code="r">2023-05-24</subfield>
    <subfield code="t">2</subfield>
    <subfield code="w">2023-05-24</subfield>
    <subfield code="y">BK</subfield>
  </datafield>
  <datafield tag="952" ind1=" " ind2=" ">
    <subfield code="0">0</subfield>
    <subfield code="1">0</subfield>
    <subfield code="4">0</subfield>
    <subfield code="7">0</subfield>
    <subfield code="a">TATCL</subfield>
    <subfield code="b">TATCL</subfield>
    <subfield code="c">GEN</subfield>
    <subfield code="d">2023-05-24</subfield>
    <subfield code="l">0</subfield>
    <subfield code="o">670 RAO</subfield>
    <subfield code="p">49008</subfield>
    <subfield code="r">2023-05-24</subfield>
    <subfield code="t">2</subfield>
    <subfield code="w">2023-05-24</subfield>
    <subfield code="y">BK</subfield>
  </datafield>
  <datafield tag="952" ind1=" " ind2=" ">
    <subfield code="0">0</subfield>
    <subfield code="1">0</subfield>
    <subfield code="4">0</subfield>
    <subfield code="7">0</subfield>
    <subfield code="a">TATCL</subfield>
    <subfield code="b">TATCL</subfield>
    <subfield code="c">GEN</subfield>
    <subfield code="d">2023-05-24</subfield>
    <subfield code="l">0</subfield>
    <subfield code="o">670 RAO</subfield>
    <subfield code="p">49009</subfield>
    <subfield code="r">2023-05-24</subfield>
    <subfield code="t">2</subfield>
    <subfield code="w">2023-05-24</subfield>
    <subfield code="y">BK</subfield>
  </datafield>
  <datafield tag="952" ind1=" " ind2=" ">
    <subfield code="0">0</subfield>
    <subfield code="1">0</subfield>
    <subfield code="4">0</subfield>
    <subfield code="7">0</subfield>
    <subfield code="a">TATCL</subfield>
    <subfield code="b">TATCL</subfield>
    <subfield code="c">GEN</subfield>
    <subfield code="d">2023-05-24</subfield>
    <subfield code="l">1</subfield>
    <subfield code="o">670 RAO</subfield>
    <subfield code="p">49010</subfield>
    <subfield code="q">2026-03-18</subfield>
    <subfield code="r">2025-08-20</subfield>
    <subfield code="s">2025-08-20</subfield>
    <subfield code="t">2</subfield>
    <subfield code="w">2023-05-24</subfield>
    <subfield code="y">BK</subfield>
  </datafield>
  <datafield tag="952" ind1=" " ind2=" ">
    <subfield code="0">0</subfield>
    <subfield code="1">0</subfield>
    <subfield code="4">0</subfield>
    <subfield code="7">0</subfield>
    <subfield code="a">TATCL</subfield>
    <subfield code="b">TATCL</subfield>
    <subfield code="c">GEN</subfield>
    <subfield code="d">2023-05-24</subfield>
    <subfield code="l">0</subfield>
    <subfield code="o">670 RAO</subfield>
    <subfield code="p">49011</subfield>
    <subfield code="r">2023-05-24</subfield>
    <subfield code="t">2</subfield>
    <subfield code="w">2023-05-24</subfield>
    <subfield code="y">BK</subfield>
  </datafield>
  <datafield tag="952" ind1=" " ind2=" ">
    <subfield code="0">0</subfield>
    <subfield code="1">0</subfield>
    <subfield code="4">0</subfield>
    <subfield code="7">0</subfield>
    <subfield code="a">TATCL</subfield>
    <subfield code="b">TATCL</subfield>
    <subfield code="c">GEN</subfield>
    <subfield code="d">2023-05-24</subfield>
    <subfield code="l">0</subfield>
    <subfield code="o">670 RAO</subfield>
    <subfield code="p">49012</subfield>
    <subfield code="r">2023-05-24</subfield>
    <subfield code="t">2</subfield>
    <subfield code="w">2023-05-24</subfield>
    <subfield code="y">BK</subfield>
  </datafield>
  <datafield tag="952" ind1=" " ind2=" ">
    <subfield code="0">0</subfield>
    <subfield code="1">0</subfield>
    <subfield code="4">0</subfield>
    <subfield code="7">0</subfield>
    <subfield code="a">TATCL</subfield>
    <subfield code="b">TATCL</subfield>
    <subfield code="c">GEN</subfield>
    <subfield code="d">2023-05-24</subfield>
    <subfield code="l">0</subfield>
    <subfield code="o">670 RAO</subfield>
    <subfield code="p">49013</subfield>
    <subfield code="r">2023-05-24</subfield>
    <subfield code="t">2</subfield>
    <subfield code="w">2023-05-24</subfield>
    <subfield code="y">BK</subfield>
  </datafield>
  <datafield tag="952" ind1=" " ind2=" ">
    <subfield code="0">0</subfield>
    <subfield code="1">0</subfield>
    <subfield code="4">0</subfield>
    <subfield code="7">0</subfield>
    <subfield code="a">TATCL</subfield>
    <subfield code="b">TATCL</subfield>
    <subfield code="c">GEN</subfield>
    <subfield code="d">2023-05-24</subfield>
    <subfield code="l">0</subfield>
    <subfield code="o">670 RAO</subfield>
    <subfield code="p">49014</subfield>
    <subfield code="r">2023-05-24</subfield>
    <subfield code="t">2</subfield>
    <subfield code="w">2023-05-24</subfield>
    <subfield code="y">BK</subfield>
  </datafield>
  <datafield tag="952" ind1=" " ind2=" ">
    <subfield code="0">0</subfield>
    <subfield code="1">0</subfield>
    <subfield code="4">0</subfield>
    <subfield code="7">0</subfield>
    <subfield code="a">TATCL</subfield>
    <subfield code="b">TATCL</subfield>
    <subfield code="c">GEN</subfield>
    <subfield code="d">2023-05-24</subfield>
    <subfield code="l">0</subfield>
    <subfield code="o">670 RAO</subfield>
    <subfield code="p">49015</subfield>
    <subfield code="r">2023-05-24</subfield>
    <subfield code="t">2</subfield>
    <subfield code="w">2023-05-24</subfield>
    <subfield code="y">BK</subfield>
  </datafield>
  <datafield tag="952" ind1=" " ind2=" ">
    <subfield code="0">0</subfield>
    <subfield code="1">0</subfield>
    <subfield code="4">0</subfield>
    <subfield code="7">0</subfield>
    <subfield code="a">TATCL</subfield>
    <subfield code="b">TATCL</subfield>
    <subfield code="c">GEN</subfield>
    <subfield code="d">2023-05-24</subfield>
    <subfield code="l">0</subfield>
    <subfield code="o">670 RAO</subfield>
    <subfield code="p">49016</subfield>
    <subfield code="r">2023-05-24</subfield>
    <subfield code="t">2</subfield>
    <subfield code="w">2023-05-24</subfield>
    <subfield code="y">BK</subfield>
  </datafield>
  <datafield tag="952" ind1=" " ind2=" ">
    <subfield code="0">0</subfield>
    <subfield code="1">0</subfield>
    <subfield code="4">0</subfield>
    <subfield code="7">0</subfield>
    <subfield code="a">TATCL</subfield>
    <subfield code="b">TATCL</subfield>
    <subfield code="c">GEN</subfield>
    <subfield code="d">2023-05-24</subfield>
    <subfield code="l">1</subfield>
    <subfield code="o">670 RAO</subfield>
    <subfield code="p">49017</subfield>
    <subfield code="q">2014-08-29</subfield>
    <subfield code="r">2024-02-02</subfield>
    <subfield code="s">2024-02-02</subfield>
    <subfield code="t">2</subfield>
    <subfield code="w">2023-05-24</subfield>
    <subfield code="y">BK</subfield>
  </datafield>
  <datafield tag="952" ind1=" " ind2=" ">
    <subfield code="0">0</subfield>
    <subfield code="1">0</subfield>
    <subfield code="4">0</subfield>
    <subfield code="7">0</subfield>
    <subfield code="a">TATCL</subfield>
    <subfield code="b">TATCL</subfield>
    <subfield code="c">GEN</subfield>
    <subfield code="d">2023-05-24</subfield>
    <subfield code="l">0</subfield>
    <subfield code="o">670 RAO</subfield>
    <subfield code="p">49018</subfield>
    <subfield code="r">2023-05-24</subfield>
    <subfield code="t">2</subfield>
    <subfield code="w">2023-05-24</subfield>
    <subfield code="y">BK</subfield>
  </datafield>
  <datafield tag="952" ind1=" " ind2=" ">
    <subfield code="0">0</subfield>
    <subfield code="1">0</subfield>
    <subfield code="4">0</subfield>
    <subfield code="7">0</subfield>
    <subfield code="a">TATCL</subfield>
    <subfield code="b">TATCL</subfield>
    <subfield code="c">GEN</subfield>
    <subfield code="d">2023-05-24</subfield>
    <subfield code="l">1</subfield>
    <subfield code="o">670 RAO</subfield>
    <subfield code="p">49019</subfield>
    <subfield code="r">2025-08-01</subfield>
    <subfield code="s">2025-03-22</subfield>
    <subfield code="t">2</subfield>
    <subfield code="w">2023-05-24</subfield>
    <subfield code="y">BK</subfield>
  </datafield>
  <datafield tag="952" ind1=" " ind2=" ">
    <subfield code="0">0</subfield>
    <subfield code="1">0</subfield>
    <subfield code="4">0</subfield>
    <subfield code="7">0</subfield>
    <subfield code="a">TATCL</subfield>
    <subfield code="b">TATCL</subfield>
    <subfield code="c">GEN</subfield>
    <subfield code="d">2023-05-24</subfield>
    <subfield code="l">0</subfield>
    <subfield code="o">670 RAO</subfield>
    <subfield code="p">49020</subfield>
    <subfield code="r">2023-05-24</subfield>
    <subfield code="t">2</subfield>
    <subfield code="w">2023-05-24</subfield>
    <subfield code="y">BK</subfield>
  </datafield>
  <datafield tag="952" ind1=" " ind2=" ">
    <subfield code="0">0</subfield>
    <subfield code="1">0</subfield>
    <subfield code="4">0</subfield>
    <subfield code="7">0</subfield>
    <subfield code="a">TATCL</subfield>
    <subfield code="b">TATCL</subfield>
    <subfield code="c">GEN</subfield>
    <subfield code="d">2023-05-24</subfield>
    <subfield code="l">0</subfield>
    <subfield code="o">670 RAO</subfield>
    <subfield code="p">49021</subfield>
    <subfield code="r">2023-05-24</subfield>
    <subfield code="t">2</subfield>
    <subfield code="w">2023-05-24</subfield>
    <subfield code="y">BK</subfield>
  </datafield>
  <datafield tag="952" ind1=" " ind2=" ">
    <subfield code="0">0</subfield>
    <subfield code="1">0</subfield>
    <subfield code="4">0</subfield>
    <subfield code="7">0</subfield>
    <subfield code="a">TATCL</subfield>
    <subfield code="b">TATCL</subfield>
    <subfield code="c">GEN</subfield>
    <subfield code="d">2023-05-24</subfield>
    <subfield code="l">0</subfield>
    <subfield code="o">670 RAO</subfield>
    <subfield code="p">49022</subfield>
    <subfield code="r">2023-05-24</subfield>
    <subfield code="t">2</subfield>
    <subfield code="w">2023-05-24</subfield>
    <subfield code="y">BK</subfield>
  </datafield>
  <datafield tag="952" ind1=" " ind2=" ">
    <subfield code="0">0</subfield>
    <subfield code="1">0</subfield>
    <subfield code="4">0</subfield>
    <subfield code="7">0</subfield>
    <subfield code="a">TATCL</subfield>
    <subfield code="b">TATCL</subfield>
    <subfield code="c">GEN</subfield>
    <subfield code="d">2023-05-24</subfield>
    <subfield code="l">0</subfield>
    <subfield code="o">670 RAO</subfield>
    <subfield code="p">49023</subfield>
    <subfield code="r">2023-05-24</subfield>
    <subfield code="t">2</subfield>
    <subfield code="w">2023-05-24</subfield>
    <subfield code="y">BK</subfield>
  </datafield>
  <datafield tag="952" ind1=" " ind2=" ">
    <subfield code="0">0</subfield>
    <subfield code="1">0</subfield>
    <subfield code="4">0</subfield>
    <subfield code="7">0</subfield>
    <subfield code="a">TATCL</subfield>
    <subfield code="b">TATCL</subfield>
    <subfield code="c">GEN</subfield>
    <subfield code="d">2023-05-24</subfield>
    <subfield code="l">0</subfield>
    <subfield code="o">670 RAO</subfield>
    <subfield code="p">49024</subfield>
    <subfield code="r">2023-05-24</subfield>
    <subfield code="t">2</subfield>
    <subfield code="w">2023-05-24</subfield>
    <subfield code="y">BK</subfield>
  </datafield>
  <datafield tag="952" ind1=" " ind2=" ">
    <subfield code="0">0</subfield>
    <subfield code="1">0</subfield>
    <subfield code="4">0</subfield>
    <subfield code="7">0</subfield>
    <subfield code="a">TATCL</subfield>
    <subfield code="b">TATCL</subfield>
    <subfield code="c">GEN</subfield>
    <subfield code="d">2023-05-24</subfield>
    <subfield code="l">0</subfield>
    <subfield code="o">670 RAO</subfield>
    <subfield code="p">49025</subfield>
    <subfield code="r">2023-05-24</subfield>
    <subfield code="t">2</subfield>
    <subfield code="w">2023-05-24</subfield>
    <subfield code="y">BK</subfield>
  </datafield>
  <datafield tag="952" ind1=" " ind2=" ">
    <subfield code="0">0</subfield>
    <subfield code="1">0</subfield>
    <subfield code="4">0</subfield>
    <subfield code="7">0</subfield>
    <subfield code="a">TATCL</subfield>
    <subfield code="b">TATCL</subfield>
    <subfield code="c">GEN</subfield>
    <subfield code="d">2023-05-24</subfield>
    <subfield code="l">0</subfield>
    <subfield code="o">670 RAO</subfield>
    <subfield code="p">49026</subfield>
    <subfield code="r">2023-05-24</subfield>
    <subfield code="t">2</subfield>
    <subfield code="w">2023-05-24</subfield>
    <subfield code="y">BK</subfield>
  </datafield>
  <datafield tag="952" ind1=" " ind2=" ">
    <subfield code="0">0</subfield>
    <subfield code="1">0</subfield>
    <subfield code="4">0</subfield>
    <subfield code="7">0</subfield>
    <subfield code="a">TATCL</subfield>
    <subfield code="b">TATCL</subfield>
    <subfield code="c">GEN</subfield>
    <subfield code="d">2023-05-24</subfield>
    <subfield code="l">2</subfield>
    <subfield code="o">670 RAO</subfield>
    <subfield code="p">49027</subfield>
    <subfield code="r">2025-01-02</subfield>
    <subfield code="s">2024-08-31</subfield>
    <subfield code="t">2</subfield>
    <subfield code="w">2023-05-24</subfield>
    <subfield code="y">BK</subfield>
  </datafield>
  <datafield tag="952" ind1=" " ind2=" ">
    <subfield code="0">0</subfield>
    <subfield code="1">0</subfield>
    <subfield code="4">0</subfield>
    <subfield code="7">0</subfield>
    <subfield code="a">TATCL</subfield>
    <subfield code="b">TATCL</subfield>
    <subfield code="c">GEN</subfield>
    <subfield code="d">2023-05-24</subfield>
    <subfield code="l">0</subfield>
    <subfield code="o">670 RAO</subfield>
    <subfield code="p">49028</subfield>
    <subfield code="r">2023-05-24</subfield>
    <subfield code="t">2</subfield>
    <subfield code="w">2023-05-24</subfield>
    <subfield code="y">BK</subfield>
  </datafield>
  <datafield tag="952" ind1=" " ind2=" ">
    <subfield code="0">0</subfield>
    <subfield code="1">0</subfield>
    <subfield code="4">0</subfield>
    <subfield code="7">0</subfield>
    <subfield code="a">TATCL</subfield>
    <subfield code="b">TATCL</subfield>
    <subfield code="c">GEN</subfield>
    <subfield code="d">2023-05-24</subfield>
    <subfield code="l">0</subfield>
    <subfield code="o">670 RAO</subfield>
    <subfield code="p">49029</subfield>
    <subfield code="r">2023-05-24</subfield>
    <subfield code="t">2</subfield>
    <subfield code="w">2023-05-24</subfield>
    <subfield code="y">BK</subfield>
  </datafield>
  <datafield tag="952" ind1=" " ind2=" ">
    <subfield code="0">0</subfield>
    <subfield code="1">0</subfield>
    <subfield code="4">0</subfield>
    <subfield code="7">0</subfield>
    <subfield code="a">TATCL</subfield>
    <subfield code="b">TATCL</subfield>
    <subfield code="c">GEN</subfield>
    <subfield code="d">2023-05-24</subfield>
    <subfield code="l">0</subfield>
    <subfield code="o">670 RAO</subfield>
    <subfield code="p">49030</subfield>
    <subfield code="r">2023-05-24</subfield>
    <subfield code="t">2</subfield>
    <subfield code="w">2023-05-24</subfield>
    <subfield code="y">BK</subfield>
  </datafield>
  <datafield tag="952" ind1=" " ind2=" ">
    <subfield code="0">0</subfield>
    <subfield code="1">0</subfield>
    <subfield code="4">0</subfield>
    <subfield code="7">0</subfield>
    <subfield code="a">TATCL</subfield>
    <subfield code="b">TATCL</subfield>
    <subfield code="c">GEN</subfield>
    <subfield code="d">2023-05-24</subfield>
    <subfield code="l">0</subfield>
    <subfield code="o">670 RAO</subfield>
    <subfield code="p">49031</subfield>
    <subfield code="r">2023-05-24</subfield>
    <subfield code="t">2</subfield>
    <subfield code="w">2023-05-24</subfield>
    <subfield code="y">BK</subfield>
  </datafield>
  <datafield tag="952" ind1=" " ind2=" ">
    <subfield code="0">0</subfield>
    <subfield code="1">0</subfield>
    <subfield code="4">0</subfield>
    <subfield code="7">0</subfield>
    <subfield code="a">TATCL</subfield>
    <subfield code="b">TATCL</subfield>
    <subfield code="c">GEN</subfield>
    <subfield code="d">2023-05-24</subfield>
    <subfield code="l">0</subfield>
    <subfield code="o">670 RAO</subfield>
    <subfield code="p">49032</subfield>
    <subfield code="r">2023-05-24</subfield>
    <subfield code="t">2</subfield>
    <subfield code="w">2023-05-24</subfield>
    <subfield code="y">BK</subfield>
  </datafield>
  <datafield tag="952" ind1=" " ind2=" ">
    <subfield code="0">0</subfield>
    <subfield code="1">0</subfield>
    <subfield code="4">0</subfield>
    <subfield code="7">0</subfield>
    <subfield code="a">TATCL</subfield>
    <subfield code="b">TATCL</subfield>
    <subfield code="c">GEN</subfield>
    <subfield code="d">2023-05-24</subfield>
    <subfield code="l">0</subfield>
    <subfield code="o">670 RAO</subfield>
    <subfield code="p">49742</subfield>
    <subfield code="r">2023-05-24</subfield>
    <subfield code="t">2</subfield>
    <subfield code="w">2023-05-24</subfield>
    <subfield code="y">BK</subfield>
  </datafield>
  <datafield tag="952" ind1=" " ind2=" ">
    <subfield code="0">0</subfield>
    <subfield code="1">0</subfield>
    <subfield code="4">0</subfield>
    <subfield code="7">0</subfield>
    <subfield code="a">TATCL</subfield>
    <subfield code="b">TATCL</subfield>
    <subfield code="c">GEN</subfield>
    <subfield code="d">2023-05-24</subfield>
    <subfield code="l">0</subfield>
    <subfield code="o">670 RAO</subfield>
    <subfield code="p">49743</subfield>
    <subfield code="r">2023-05-24</subfield>
    <subfield code="t">2</subfield>
    <subfield code="w">2023-05-24</subfield>
    <subfield code="y">BK</subfield>
  </datafield>
  <datafield tag="952" ind1=" " ind2=" ">
    <subfield code="0">0</subfield>
    <subfield code="1">0</subfield>
    <subfield code="4">0</subfield>
    <subfield code="7">0</subfield>
    <subfield code="a">TATCL</subfield>
    <subfield code="b">TATCL</subfield>
    <subfield code="c">GEN</subfield>
    <subfield code="d">2023-05-24</subfield>
    <subfield code="l">0</subfield>
    <subfield code="o">670 RAO</subfield>
    <subfield code="p">49744</subfield>
    <subfield code="r">2023-05-24</subfield>
    <subfield code="t">2</subfield>
    <subfield code="w">2023-05-24</subfield>
    <subfield code="y">BK</subfield>
  </datafield>
  <datafield tag="952" ind1=" " ind2=" ">
    <subfield code="0">0</subfield>
    <subfield code="1">0</subfield>
    <subfield code="4">0</subfield>
    <subfield code="7">0</subfield>
    <subfield code="a">TATCL</subfield>
    <subfield code="b">TATCL</subfield>
    <subfield code="c">GEN</subfield>
    <subfield code="d">2023-05-24</subfield>
    <subfield code="l">0</subfield>
    <subfield code="o">670 RAO</subfield>
    <subfield code="p">49745</subfield>
    <subfield code="r">2023-05-24</subfield>
    <subfield code="t">2</subfield>
    <subfield code="w">2023-05-24</subfield>
    <subfield code="y">BK</subfield>
  </datafield>
  <datafield tag="952" ind1=" " ind2=" ">
    <subfield code="0">0</subfield>
    <subfield code="1">0</subfield>
    <subfield code="4">0</subfield>
    <subfield code="7">0</subfield>
    <subfield code="a">TATCL</subfield>
    <subfield code="b">TATCL</subfield>
    <subfield code="c">GEN</subfield>
    <subfield code="d">2023-05-24</subfield>
    <subfield code="l">0</subfield>
    <subfield code="o">670 RAO</subfield>
    <subfield code="p">49746</subfield>
    <subfield code="r">2023-05-24</subfield>
    <subfield code="t">2</subfield>
    <subfield code="w">2023-05-24</subfield>
    <subfield code="y">BK</subfield>
  </datafield>
  <datafield tag="952" ind1=" " ind2=" ">
    <subfield code="0">0</subfield>
    <subfield code="1">0</subfield>
    <subfield code="4">0</subfield>
    <subfield code="7">0</subfield>
    <subfield code="a">TATCL</subfield>
    <subfield code="b">TATCL</subfield>
    <subfield code="c">GEN</subfield>
    <subfield code="d">2023-05-24</subfield>
    <subfield code="l">0</subfield>
    <subfield code="o">670 RAO</subfield>
    <subfield code="p">49820</subfield>
    <subfield code="r">2023-05-24</subfield>
    <subfield code="t">2</subfield>
    <subfield code="w">2023-05-24</subfield>
    <subfield code="y">BK</subfield>
  </datafield>
  <datafield tag="952" ind1=" " ind2=" ">
    <subfield code="0">0</subfield>
    <subfield code="1">0</subfield>
    <subfield code="4">0</subfield>
    <subfield code="7">0</subfield>
    <subfield code="a">TATCL</subfield>
    <subfield code="b">TATCL</subfield>
    <subfield code="c">GEN</subfield>
    <subfield code="d">2023-05-24</subfield>
    <subfield code="l">0</subfield>
    <subfield code="o">670 RAO</subfield>
    <subfield code="p">49821</subfield>
    <subfield code="r">2023-05-24</subfield>
    <subfield code="t">2</subfield>
    <subfield code="w">2023-05-24</subfield>
    <subfield code="y">BK</subfield>
  </datafield>
  <datafield tag="952" ind1=" " ind2=" ">
    <subfield code="0">0</subfield>
    <subfield code="1">0</subfield>
    <subfield code="4">0</subfield>
    <subfield code="7">0</subfield>
    <subfield code="a">TATCL</subfield>
    <subfield code="b">TATCL</subfield>
    <subfield code="c">GEN</subfield>
    <subfield code="d">2023-05-24</subfield>
    <subfield code="l">1</subfield>
    <subfield code="o">670 RAO</subfield>
    <subfield code="p">49822</subfield>
    <subfield code="r">2025-07-25</subfield>
    <subfield code="s">2025-03-24</subfield>
    <subfield code="t">2</subfield>
    <subfield code="w">2023-05-24</subfield>
    <subfield code="y">BK</subfield>
  </datafield>
  <datafield tag="952" ind1=" " ind2=" ">
    <subfield code="0">0</subfield>
    <subfield code="1">0</subfield>
    <subfield code="4">0</subfield>
    <subfield code="7">0</subfield>
    <subfield code="a">TATCL</subfield>
    <subfield code="b">TATCL</subfield>
    <subfield code="c">GEN</subfield>
    <subfield code="d">2023-05-24</subfield>
    <subfield code="l">0</subfield>
    <subfield code="o">670 RAO</subfield>
    <subfield code="p">49823</subfield>
    <subfield code="r">2023-05-24</subfield>
    <subfield code="t">2</subfield>
    <subfield code="w">2023-05-24</subfield>
    <subfield code="y">BK</subfield>
  </datafield>
  <datafield tag="952" ind1=" " ind2=" ">
    <subfield code="0">0</subfield>
    <subfield code="1">0</subfield>
    <subfield code="4">0</subfield>
    <subfield code="7">0</subfield>
    <subfield code="a">TATCL</subfield>
    <subfield code="b">TATCL</subfield>
    <subfield code="c">GEN</subfield>
    <subfield code="d">2023-05-24</subfield>
    <subfield code="l">0</subfield>
    <subfield code="o">670 RAO</subfield>
    <subfield code="p">49824</subfield>
    <subfield code="r">2023-05-24</subfield>
    <subfield code="t">2</subfield>
    <subfield code="w">2023-05-24</subfield>
    <subfield code="y">BK</subfield>
  </datafield>
  <datafield tag="952" ind1=" " ind2=" ">
    <subfield code="0">0</subfield>
    <subfield code="1">0</subfield>
    <subfield code="4">0</subfield>
    <subfield code="7">0</subfield>
    <subfield code="a">TATCL</subfield>
    <subfield code="b">TATCL</subfield>
    <subfield code="c">GEN</subfield>
    <subfield code="d">2023-05-24</subfield>
    <subfield code="l">0</subfield>
    <subfield code="o">670 RAO</subfield>
    <subfield code="p">49825</subfield>
    <subfield code="r">2023-05-24</subfield>
    <subfield code="t">2</subfield>
    <subfield code="w">2023-05-24</subfield>
    <subfield code="y">BK</subfield>
  </datafield>
  <datafield tag="952" ind1=" " ind2=" ">
    <subfield code="0">0</subfield>
    <subfield code="1">0</subfield>
    <subfield code="4">0</subfield>
    <subfield code="7">0</subfield>
    <subfield code="a">TATCL</subfield>
    <subfield code="b">TATCL</subfield>
    <subfield code="c">GEN</subfield>
    <subfield code="d">2023-05-24</subfield>
    <subfield code="l">0</subfield>
    <subfield code="o">670 RAO</subfield>
    <subfield code="p">49826</subfield>
    <subfield code="r">2023-05-24</subfield>
    <subfield code="t">2</subfield>
    <subfield code="w">2023-05-24</subfield>
    <subfield code="y">BK</subfield>
  </datafield>
  <datafield tag="952" ind1=" " ind2=" ">
    <subfield code="0">0</subfield>
    <subfield code="1">0</subfield>
    <subfield code="4">0</subfield>
    <subfield code="7">0</subfield>
    <subfield code="a">TATCL</subfield>
    <subfield code="b">TATCL</subfield>
    <subfield code="c">GEN</subfield>
    <subfield code="d">2023-05-24</subfield>
    <subfield code="l">0</subfield>
    <subfield code="o">670 RAO</subfield>
    <subfield code="p">49827</subfield>
    <subfield code="r">2023-05-24</subfield>
    <subfield code="t">2</subfield>
    <subfield code="w">2023-05-24</subfield>
    <subfield code="y">BK</subfield>
  </datafield>
  <datafield tag="952" ind1=" " ind2=" ">
    <subfield code="0">0</subfield>
    <subfield code="1">0</subfield>
    <subfield code="4">0</subfield>
    <subfield code="7">0</subfield>
    <subfield code="a">TATCL</subfield>
    <subfield code="b">TATCL</subfield>
    <subfield code="c">GEN</subfield>
    <subfield code="d">2023-05-24</subfield>
    <subfield code="l">0</subfield>
    <subfield code="o">670 RAO</subfield>
    <subfield code="p">49828</subfield>
    <subfield code="r">2023-05-24</subfield>
    <subfield code="t">2</subfield>
    <subfield code="w">2023-05-24</subfield>
    <subfield code="y">BK</subfield>
  </datafield>
  <datafield tag="952" ind1=" " ind2=" ">
    <subfield code="0">0</subfield>
    <subfield code="1">0</subfield>
    <subfield code="4">0</subfield>
    <subfield code="7">0</subfield>
    <subfield code="a">TATCL</subfield>
    <subfield code="b">TATCL</subfield>
    <subfield code="c">GEN</subfield>
    <subfield code="d">2023-05-24</subfield>
    <subfield code="l">0</subfield>
    <subfield code="o">670 RAO</subfield>
    <subfield code="p">49829</subfield>
    <subfield code="r">2023-05-24</subfield>
    <subfield code="t">2</subfield>
    <subfield code="w">2023-05-24</subfield>
    <subfield code="y">BK</subfield>
  </datafield>
  <datafield tag="952" ind1=" " ind2=" ">
    <subfield code="0">0</subfield>
    <subfield code="1">0</subfield>
    <subfield code="4">0</subfield>
    <subfield code="7">0</subfield>
    <subfield code="a">TATCL</subfield>
    <subfield code="b">TATCL</subfield>
    <subfield code="c">GEN</subfield>
    <subfield code="d">2023-05-24</subfield>
    <subfield code="l">0</subfield>
    <subfield code="o">670 RAO</subfield>
    <subfield code="p">49830</subfield>
    <subfield code="r">2023-05-24</subfield>
    <subfield code="t">2</subfield>
    <subfield code="w">2023-05-24</subfield>
    <subfield code="y">BK</subfield>
  </datafield>
  <datafield tag="952" ind1=" " ind2=" ">
    <subfield code="0">0</subfield>
    <subfield code="1">0</subfield>
    <subfield code="4">0</subfield>
    <subfield code="7">0</subfield>
    <subfield code="a">TATCL</subfield>
    <subfield code="b">TATCL</subfield>
    <subfield code="c">GEN</subfield>
    <subfield code="d">2023-05-24</subfield>
    <subfield code="l">1</subfield>
    <subfield code="o">670 RAO</subfield>
    <subfield code="p">49831</subfield>
    <subfield code="q">2015-02-10</subfield>
    <subfield code="r">2024-01-31</subfield>
    <subfield code="s">2024-01-31</subfield>
    <subfield code="t">2</subfield>
    <subfield code="w">2023-05-24</subfield>
    <subfield code="y">BK</subfield>
  </datafield>
  <datafield tag="952" ind1=" " ind2=" ">
    <subfield code="0">0</subfield>
    <subfield code="1">0</subfield>
    <subfield code="4">0</subfield>
    <subfield code="7">0</subfield>
    <subfield code="a">TATCL</subfield>
    <subfield code="b">TATCL</subfield>
    <subfield code="c">GEN</subfield>
    <subfield code="d">2023-05-24</subfield>
    <subfield code="l">0</subfield>
    <subfield code="o">670 RAO</subfield>
    <subfield code="p">49832</subfield>
    <subfield code="r">2023-05-24</subfield>
    <subfield code="t">2</subfield>
    <subfield code="w">2023-05-24</subfield>
    <subfield code="y">BK</subfield>
  </datafield>
  <datafield tag="952" ind1=" " ind2=" ">
    <subfield code="0">0</subfield>
    <subfield code="1">0</subfield>
    <subfield code="4">0</subfield>
    <subfield code="7">0</subfield>
    <subfield code="a">TATCL</subfield>
    <subfield code="b">TATCL</subfield>
    <subfield code="c">GEN</subfield>
    <subfield code="d">2023-05-24</subfield>
    <subfield code="l">0</subfield>
    <subfield code="o">670 RAO</subfield>
    <subfield code="p">49833</subfield>
    <subfield code="r">2023-05-24</subfield>
    <subfield code="t">2</subfield>
    <subfield code="w">2023-05-24</subfield>
    <subfield code="y">BK</subfield>
  </datafield>
  <datafield tag="952" ind1=" " ind2=" ">
    <subfield code="0">0</subfield>
    <subfield code="1">0</subfield>
    <subfield code="4">0</subfield>
    <subfield code="7">0</subfield>
    <subfield code="a">TATCL</subfield>
    <subfield code="b">TATCL</subfield>
    <subfield code="c">GEN</subfield>
    <subfield code="d">2023-05-24</subfield>
    <subfield code="l">0</subfield>
    <subfield code="o">670 RAO</subfield>
    <subfield code="p">49834</subfield>
    <subfield code="r">2023-05-24</subfield>
    <subfield code="t">2</subfield>
    <subfield code="w">2023-05-24</subfield>
    <subfield code="y">BK</subfield>
  </datafield>
  <datafield tag="952" ind1=" " ind2=" ">
    <subfield code="0">0</subfield>
    <subfield code="1">0</subfield>
    <subfield code="4">0</subfield>
    <subfield code="7">0</subfield>
    <subfield code="a">TATCL</subfield>
    <subfield code="b">TATCL</subfield>
    <subfield code="c">GEN</subfield>
    <subfield code="d">2023-05-24</subfield>
    <subfield code="l">0</subfield>
    <subfield code="o">670 RAO</subfield>
    <subfield code="p">49835</subfield>
    <subfield code="r">2023-05-24</subfield>
    <subfield code="t">2</subfield>
    <subfield code="w">2023-05-24</subfield>
    <subfield code="y">BK</subfield>
  </datafield>
  <datafield tag="952" ind1=" " ind2=" ">
    <subfield code="0">0</subfield>
    <subfield code="1">0</subfield>
    <subfield code="4">0</subfield>
    <subfield code="7">0</subfield>
    <subfield code="a">TATCL</subfield>
    <subfield code="b">TATCL</subfield>
    <subfield code="c">GEN</subfield>
    <subfield code="d">2023-05-24</subfield>
    <subfield code="l">0</subfield>
    <subfield code="o">670 RAO</subfield>
    <subfield code="p">49836</subfield>
    <subfield code="r">2023-05-24</subfield>
    <subfield code="t">2</subfield>
    <subfield code="w">2023-05-24</subfield>
    <subfield code="y">BK</subfield>
  </datafield>
  <datafield tag="952" ind1=" " ind2=" ">
    <subfield code="0">0</subfield>
    <subfield code="1">0</subfield>
    <subfield code="4">0</subfield>
    <subfield code="7">0</subfield>
    <subfield code="a">TATCL</subfield>
    <subfield code="b">TATCL</subfield>
    <subfield code="c">GEN</subfield>
    <subfield code="d">2023-05-24</subfield>
    <subfield code="l">0</subfield>
    <subfield code="o">670 RAO</subfield>
    <subfield code="p">49837</subfield>
    <subfield code="r">2023-05-24</subfield>
    <subfield code="t">2</subfield>
    <subfield code="w">2023-05-24</subfield>
    <subfield code="y">BK</subfield>
  </datafield>
  <datafield tag="952" ind1=" " ind2=" ">
    <subfield code="0">0</subfield>
    <subfield code="1">0</subfield>
    <subfield code="4">0</subfield>
    <subfield code="7">0</subfield>
    <subfield code="a">TATCL</subfield>
    <subfield code="b">TATCL</subfield>
    <subfield code="c">GEN</subfield>
    <subfield code="d">2023-05-24</subfield>
    <subfield code="l">0</subfield>
    <subfield code="o">670 RAO</subfield>
    <subfield code="p">49838</subfield>
    <subfield code="r">2023-05-24</subfield>
    <subfield code="t">2</subfield>
    <subfield code="w">2023-05-24</subfield>
    <subfield code="y">BK</subfield>
  </datafield>
  <datafield tag="952" ind1=" " ind2=" ">
    <subfield code="0">0</subfield>
    <subfield code="1">0</subfield>
    <subfield code="4">0</subfield>
    <subfield code="7">0</subfield>
    <subfield code="a">TATCL</subfield>
    <subfield code="b">TATCL</subfield>
    <subfield code="c">GEN</subfield>
    <subfield code="d">2023-05-24</subfield>
    <subfield code="l">0</subfield>
    <subfield code="o">670 RAO</subfield>
    <subfield code="p">49839</subfield>
    <subfield code="r">2023-05-24</subfield>
    <subfield code="t">2</subfield>
    <subfield code="w">2023-05-24</subfield>
    <subfield code="y">BK</subfield>
  </datafield>
  <datafield tag="952" ind1=" " ind2=" ">
    <subfield code="0">0</subfield>
    <subfield code="1">0</subfield>
    <subfield code="4">0</subfield>
    <subfield code="7">0</subfield>
    <subfield code="a">TATCL</subfield>
    <subfield code="b">TATCL</subfield>
    <subfield code="c">GEN</subfield>
    <subfield code="d">2023-05-24</subfield>
    <subfield code="l">1</subfield>
    <subfield code="o">670 RAO</subfield>
    <subfield code="p">49840</subfield>
    <subfield code="r">2024-05-11</subfield>
    <subfield code="s">2024-05-09</subfield>
    <subfield code="t">2</subfield>
    <subfield code="w">2023-05-24</subfield>
    <subfield code="y">BK</subfield>
  </datafield>
  <datafield tag="952" ind1=" " ind2=" ">
    <subfield code="0">0</subfield>
    <subfield code="1">0</subfield>
    <subfield code="4">0</subfield>
    <subfield code="7">0</subfield>
    <subfield code="a">TATCL</subfield>
    <subfield code="b">TATCL</subfield>
    <subfield code="c">GEN</subfield>
    <subfield code="d">2023-05-24</subfield>
    <subfield code="l">0</subfield>
    <subfield code="o">670 RAO</subfield>
    <subfield code="p">49841</subfield>
    <subfield code="r">2023-05-24</subfield>
    <subfield code="t">2</subfield>
    <subfield code="w">2023-05-24</subfield>
    <subfield code="y">BK</subfield>
  </datafield>
  <datafield tag="952" ind1=" " ind2=" ">
    <subfield code="0">0</subfield>
    <subfield code="1">0</subfield>
    <subfield code="4">0</subfield>
    <subfield code="7">0</subfield>
    <subfield code="a">TATCL</subfield>
    <subfield code="b">TATCL</subfield>
    <subfield code="c">GEN</subfield>
    <subfield code="d">2023-05-24</subfield>
    <subfield code="l">1</subfield>
    <subfield code="o">670 RAO</subfield>
    <subfield code="p">49842</subfield>
    <subfield code="q">2014-08-29</subfield>
    <subfield code="r">2024-02-02</subfield>
    <subfield code="s">2024-02-02</subfield>
    <subfield code="t">2</subfield>
    <subfield code="w">2023-05-24</subfield>
    <subfield code="y">BK</subfield>
  </datafield>
  <datafield tag="952" ind1=" " ind2=" ">
    <subfield code="0">0</subfield>
    <subfield code="1">0</subfield>
    <subfield code="4">0</subfield>
    <subfield code="7">0</subfield>
    <subfield code="a">TATCL</subfield>
    <subfield code="b">TATCL</subfield>
    <subfield code="c">GEN</subfield>
    <subfield code="d">2023-05-24</subfield>
    <subfield code="l">0</subfield>
    <subfield code="o">670 RAO</subfield>
    <subfield code="p">49843</subfield>
    <subfield code="r">2023-05-24</subfield>
    <subfield code="t">2</subfield>
    <subfield code="w">2023-05-24</subfield>
    <subfield code="y">BK</subfield>
  </datafield>
  <datafield tag="952" ind1=" " ind2=" ">
    <subfield code="0">0</subfield>
    <subfield code="1">0</subfield>
    <subfield code="4">0</subfield>
    <subfield code="7">0</subfield>
    <subfield code="a">TATCL</subfield>
    <subfield code="b">TATCL</subfield>
    <subfield code="c">GEN</subfield>
    <subfield code="d">2023-05-24</subfield>
    <subfield code="l">0</subfield>
    <subfield code="o">670 RAO</subfield>
    <subfield code="p">49844</subfield>
    <subfield code="r">2023-05-24</subfield>
    <subfield code="t">2</subfield>
    <subfield code="w">2023-05-24</subfield>
    <subfield code="y">BK</subfield>
  </datafield>
  <datafield tag="952" ind1=" " ind2=" ">
    <subfield code="0">0</subfield>
    <subfield code="1">0</subfield>
    <subfield code="4">0</subfield>
    <subfield code="7">0</subfield>
    <subfield code="a">TATCL</subfield>
    <subfield code="b">TATCL</subfield>
    <subfield code="c">GEN</subfield>
    <subfield code="d">2023-05-24</subfield>
    <subfield code="l">0</subfield>
    <subfield code="o">670 RAO</subfield>
    <subfield code="p">50768</subfield>
    <subfield code="r">2023-05-24</subfield>
    <subfield code="t">2</subfield>
    <subfield code="w">2023-05-24</subfield>
    <subfield code="y">BK</subfield>
  </datafield>
  <datafield tag="952" ind1=" " ind2=" ">
    <subfield code="0">0</subfield>
    <subfield code="1">0</subfield>
    <subfield code="4">0</subfield>
    <subfield code="7">0</subfield>
    <subfield code="a">TATCL</subfield>
    <subfield code="b">TATCL</subfield>
    <subfield code="c">GEN</subfield>
    <subfield code="d">2023-05-24</subfield>
    <subfield code="l">0</subfield>
    <subfield code="o">670 RAO</subfield>
    <subfield code="p">50769</subfield>
    <subfield code="r">2023-05-24</subfield>
    <subfield code="t">2</subfield>
    <subfield code="w">2023-05-24</subfield>
    <subfield code="y">BK</subfield>
  </datafield>
  <datafield tag="952" ind1=" " ind2=" ">
    <subfield code="0">0</subfield>
    <subfield code="1">0</subfield>
    <subfield code="4">0</subfield>
    <subfield code="7">0</subfield>
    <subfield code="a">TATCL</subfield>
    <subfield code="b">TATCL</subfield>
    <subfield code="c">GEN</subfield>
    <subfield code="d">2023-05-24</subfield>
    <subfield code="l">1</subfield>
    <subfield code="o">670 RAO</subfield>
    <subfield code="p">50770</subfield>
    <subfield code="r">2025-05-27</subfield>
    <subfield code="s">2025-01-21</subfield>
    <subfield code="t">2</subfield>
    <subfield code="w">2023-05-24</subfield>
    <subfield code="y">BK</subfield>
  </datafield>
  <datafield tag="952" ind1=" " ind2=" ">
    <subfield code="0">0</subfield>
    <subfield code="1">0</subfield>
    <subfield code="4">0</subfield>
    <subfield code="7">0</subfield>
    <subfield code="a">TATCL</subfield>
    <subfield code="b">TATCL</subfield>
    <subfield code="c">GEN</subfield>
    <subfield code="d">2023-05-24</subfield>
    <subfield code="l">0</subfield>
    <subfield code="o">670 RAO</subfield>
    <subfield code="p">50771</subfield>
    <subfield code="r">2023-05-24</subfield>
    <subfield code="t">2</subfield>
    <subfield code="w">2023-05-24</subfield>
    <subfield code="y">BK</subfield>
  </datafield>
  <datafield tag="952" ind1=" " ind2=" ">
    <subfield code="0">0</subfield>
    <subfield code="1">0</subfield>
    <subfield code="4">0</subfield>
    <subfield code="7">0</subfield>
    <subfield code="a">TATCL</subfield>
    <subfield code="b">TATCL</subfield>
    <subfield code="c">GEN</subfield>
    <subfield code="d">2023-05-24</subfield>
    <subfield code="l">1</subfield>
    <subfield code="o">670 RAO</subfield>
    <subfield code="p">50772</subfield>
    <subfield code="q">2025-08-26</subfield>
    <subfield code="r">2025-01-28</subfield>
    <subfield code="s">2025-01-28</subfield>
    <subfield code="t">2</subfield>
    <subfield code="w">2023-05-24</subfield>
    <subfield code="y">BK</subfield>
  </datafield>
  <datafield tag="952" ind1=" " ind2=" ">
    <subfield code="0">0</subfield>
    <subfield code="1">0</subfield>
    <subfield code="4">0</subfield>
    <subfield code="7">0</subfield>
    <subfield code="a">TATCL</subfield>
    <subfield code="b">TATCL</subfield>
    <subfield code="c">GEN</subfield>
    <subfield code="d">2023-05-24</subfield>
    <subfield code="l">0</subfield>
    <subfield code="o">670 RAO</subfield>
    <subfield code="p">50773</subfield>
    <subfield code="r">2023-05-24</subfield>
    <subfield code="t">2</subfield>
    <subfield code="w">2023-05-24</subfield>
    <subfield code="y">BK</subfield>
  </datafield>
  <datafield tag="952" ind1=" " ind2=" ">
    <subfield code="0">0</subfield>
    <subfield code="1">0</subfield>
    <subfield code="4">0</subfield>
    <subfield code="7">0</subfield>
    <subfield code="a">TATCL</subfield>
    <subfield code="b">TATCL</subfield>
    <subfield code="c">GEN</subfield>
    <subfield code="d">2023-05-24</subfield>
    <subfield code="l">0</subfield>
    <subfield code="o">670 RAO</subfield>
    <subfield code="p">50774</subfield>
    <subfield code="r">2023-05-24</subfield>
    <subfield code="t">2</subfield>
    <subfield code="w">2023-05-24</subfield>
    <subfield code="y">BK</subfield>
  </datafield>
  <datafield tag="952" ind1=" " ind2=" ">
    <subfield code="0">0</subfield>
    <subfield code="1">0</subfield>
    <subfield code="4">0</subfield>
    <subfield code="7">0</subfield>
    <subfield code="a">TATCL</subfield>
    <subfield code="b">TATCL</subfield>
    <subfield code="c">GEN</subfield>
    <subfield code="d">2023-05-24</subfield>
    <subfield code="l">0</subfield>
    <subfield code="o">670 RAO</subfield>
    <subfield code="p">50775</subfield>
    <subfield code="r">2023-05-24</subfield>
    <subfield code="t">2</subfield>
    <subfield code="w">2023-05-24</subfield>
    <subfield code="y">BK</subfield>
  </datafield>
  <datafield tag="952" ind1=" " ind2=" ">
    <subfield code="0">0</subfield>
    <subfield code="1">0</subfield>
    <subfield code="4">0</subfield>
    <subfield code="7">0</subfield>
    <subfield code="a">TATCL</subfield>
    <subfield code="b">TATCL</subfield>
    <subfield code="c">GEN</subfield>
    <subfield code="d">2023-05-24</subfield>
    <subfield code="l">1</subfield>
    <subfield code="o">670 RAO</subfield>
    <subfield code="p">50776</subfield>
    <subfield code="r">2025-11-21</subfield>
    <subfield code="s">2025-03-05</subfield>
    <subfield code="t">2</subfield>
    <subfield code="w">2023-05-24</subfield>
    <subfield code="y">BK</subfield>
  </datafield>
  <datafield tag="952" ind1=" " ind2=" ">
    <subfield code="0">0</subfield>
    <subfield code="1">0</subfield>
    <subfield code="4">0</subfield>
    <subfield code="7">0</subfield>
    <subfield code="a">TATCL</subfield>
    <subfield code="b">TATCL</subfield>
    <subfield code="c">GEN</subfield>
    <subfield code="d">2023-05-24</subfield>
    <subfield code="l">0</subfield>
    <subfield code="o">670 RAO</subfield>
    <subfield code="p">50777</subfield>
    <subfield code="r">2023-05-24</subfield>
    <subfield code="t">2</subfield>
    <subfield code="w">2023-05-24</subfield>
    <subfield code="y">BK</subfield>
  </datafield>
  <datafield tag="952" ind1=" " ind2=" ">
    <subfield code="0">0</subfield>
    <subfield code="1">0</subfield>
    <subfield code="4">0</subfield>
    <subfield code="7">0</subfield>
    <subfield code="a">TATCL</subfield>
    <subfield code="b">TATCL</subfield>
    <subfield code="c">GEN</subfield>
    <subfield code="d">2023-05-24</subfield>
    <subfield code="l">0</subfield>
    <subfield code="o">670 RAO</subfield>
    <subfield code="p">50778</subfield>
    <subfield code="r">2023-05-24</subfield>
    <subfield code="t">2</subfield>
    <subfield code="w">2023-05-24</subfield>
    <subfield code="y">BK</subfield>
  </datafield>
  <datafield tag="952" ind1=" " ind2=" ">
    <subfield code="0">0</subfield>
    <subfield code="1">0</subfield>
    <subfield code="4">0</subfield>
    <subfield code="7">0</subfield>
    <subfield code="a">TATCL</subfield>
    <subfield code="b">TATCL</subfield>
    <subfield code="c">GEN</subfield>
    <subfield code="d">2023-05-24</subfield>
    <subfield code="l">1</subfield>
    <subfield code="o">670 RAO</subfield>
    <subfield code="p">50779</subfield>
    <subfield code="q">2025-12-02</subfield>
    <subfield code="r">2025-05-06</subfield>
    <subfield code="s">2025-05-06</subfield>
    <subfield code="t">2</subfield>
    <subfield code="w">2023-05-24</subfield>
    <subfield code="y">BK</subfield>
  </datafield>
  <datafield tag="952" ind1=" " ind2=" ">
    <subfield code="0">0</subfield>
    <subfield code="1">0</subfield>
    <subfield code="4">0</subfield>
    <subfield code="7">0</subfield>
    <subfield code="a">TATCL</subfield>
    <subfield code="b">TATCL</subfield>
    <subfield code="c">GEN</subfield>
    <subfield code="d">2023-05-24</subfield>
    <subfield code="l">0</subfield>
    <subfield code="o">670 RAO</subfield>
    <subfield code="p">50780</subfield>
    <subfield code="r">2023-05-24</subfield>
    <subfield code="t">2</subfield>
    <subfield code="w">2023-05-24</subfield>
    <subfield code="y">BK</subfield>
  </datafield>
  <datafield tag="952" ind1=" " ind2=" ">
    <subfield code="0">0</subfield>
    <subfield code="1">0</subfield>
    <subfield code="4">0</subfield>
    <subfield code="7">0</subfield>
    <subfield code="a">TATCL</subfield>
    <subfield code="b">TATCL</subfield>
    <subfield code="c">GEN</subfield>
    <subfield code="d">2023-05-24</subfield>
    <subfield code="l">1</subfield>
    <subfield code="o">670 RAO</subfield>
    <subfield code="p">50781</subfield>
    <subfield code="q">2026-02-26</subfield>
    <subfield code="r">2025-07-31</subfield>
    <subfield code="s">2025-07-31</subfield>
    <subfield code="t">2</subfield>
    <subfield code="w">2023-05-24</subfield>
    <subfield code="y">BK</subfield>
  </datafield>
  <datafield tag="952" ind1=" " ind2=" ">
    <subfield code="0">0</subfield>
    <subfield code="1">0</subfield>
    <subfield code="4">0</subfield>
    <subfield code="7">0</subfield>
    <subfield code="a">TATCL</subfield>
    <subfield code="b">TATCL</subfield>
    <subfield code="c">GEN</subfield>
    <subfield code="d">2023-05-24</subfield>
    <subfield code="l">0</subfield>
    <subfield code="o">670 RAO</subfield>
    <subfield code="p">50782</subfield>
    <subfield code="r">2023-05-24</subfield>
    <subfield code="t">2</subfield>
    <subfield code="w">2023-05-24</subfield>
    <subfield code="y">BK</subfield>
  </datafield>
  <datafield tag="952" ind1=" " ind2=" ">
    <subfield code="0">0</subfield>
    <subfield code="1">0</subfield>
    <subfield code="4">0</subfield>
    <subfield code="7">0</subfield>
    <subfield code="a">TATCL</subfield>
    <subfield code="b">TATCL</subfield>
    <subfield code="c">GEN</subfield>
    <subfield code="d">2023-05-24</subfield>
    <subfield code="l">0</subfield>
    <subfield code="o">670 RAO</subfield>
    <subfield code="p">50783</subfield>
    <subfield code="r">2023-05-24</subfield>
    <subfield code="t">2</subfield>
    <subfield code="w">2023-05-24</subfield>
    <subfield code="y">BK</subfield>
  </datafield>
  <datafield tag="952" ind1=" " ind2=" ">
    <subfield code="0">0</subfield>
    <subfield code="1">0</subfield>
    <subfield code="4">0</subfield>
    <subfield code="7">0</subfield>
    <subfield code="a">TATCL</subfield>
    <subfield code="b">TATCL</subfield>
    <subfield code="c">GEN</subfield>
    <subfield code="d">2023-05-24</subfield>
    <subfield code="l">0</subfield>
    <subfield code="o">670 RAO</subfield>
    <subfield code="p">50784</subfield>
    <subfield code="r">2023-05-24</subfield>
    <subfield code="t">2</subfield>
    <subfield code="w">2023-05-24</subfield>
    <subfield code="y">BK</subfield>
  </datafield>
  <datafield tag="952" ind1=" " ind2=" ">
    <subfield code="0">0</subfield>
    <subfield code="1">0</subfield>
    <subfield code="4">0</subfield>
    <subfield code="7">0</subfield>
    <subfield code="a">TATCL</subfield>
    <subfield code="b">TATCL</subfield>
    <subfield code="c">GEN</subfield>
    <subfield code="d">2023-05-24</subfield>
    <subfield code="l">0</subfield>
    <subfield code="o">670 RAO</subfield>
    <subfield code="p">50785</subfield>
    <subfield code="r">2023-05-24</subfield>
    <subfield code="t">2</subfield>
    <subfield code="w">2023-05-24</subfield>
    <subfield code="y">BK</subfield>
  </datafield>
  <datafield tag="952" ind1=" " ind2=" ">
    <subfield code="0">0</subfield>
    <subfield code="1">0</subfield>
    <subfield code="4">0</subfield>
    <subfield code="7">0</subfield>
    <subfield code="a">TATCL</subfield>
    <subfield code="b">TATCL</subfield>
    <subfield code="c">GEN</subfield>
    <subfield code="d">2023-05-24</subfield>
    <subfield code="l">0</subfield>
    <subfield code="o">670 RAO</subfield>
    <subfield code="p">50786</subfield>
    <subfield code="r">2023-05-24</subfield>
    <subfield code="t">2</subfield>
    <subfield code="w">2023-05-24</subfield>
    <subfield code="y">BK</subfield>
  </datafield>
  <datafield tag="952" ind1=" " ind2=" ">
    <subfield code="0">0</subfield>
    <subfield code="1">0</subfield>
    <subfield code="4">0</subfield>
    <subfield code="7">0</subfield>
    <subfield code="a">TATCL</subfield>
    <subfield code="b">TATCL</subfield>
    <subfield code="c">GEN</subfield>
    <subfield code="d">2023-05-24</subfield>
    <subfield code="l">0</subfield>
    <subfield code="o">670 RAO</subfield>
    <subfield code="p">50787</subfield>
    <subfield code="r">2023-05-24</subfield>
    <subfield code="t">2</subfield>
    <subfield code="w">2023-05-24</subfield>
    <subfield code="y">BK</subfield>
  </datafield>
  <datafield tag="999" ind1=" " ind2=" ">
    <subfield code="c">51870</subfield>
    <subfield code="d">51870</subfield>
  </datafield>
</record>
